000 00645nam a2200205 a 4500
005 20210219160503.0
008 081109s1955 mx r 000 0 spa d
035 _aUPN01000166657
049 _aUNE
080 _aOC 01(100) =20 1951-53 MAL No. 4
100 1 _aMalclès, L. N.
245 1 0 _aBibliographical services troughout the world 1951-1952, 1952-53 /
_cL.N. Malclès.
260 _aParis :
_bUNESCO,
_c1955.
300 _a352 p.
440 0 _aUNESCO bibliographical handbooks ;
_v4.
690 _aServicios bibliograficos
690 _aBibliografias nacionales
690 _aInformacion/bibliotecas, cooperacion
905 _aUNESCO
999 _c138768
_d138768